Statistics for Where did these 2022-2023 Players Play Before Joining Southampton

Click here to take the quiz!

General Stats

  • This quiz has been taken 10 times
  • The average score is 17 of 30

Answer Stats

PlayerNationalityPositionYear joinedAnswer% Correct
Ainsley Maitland-NilesEnglandMF2022Arsenal
100%
Theo WalcottEnglandMF2021Everton
100%
Kyle Walker-PetersEnglandDF2020Tottenham Hotspur
100%
Willy CaballeroArgentinaGK2021Chelsea
90%
Duje Caleta-CarCroatiaDF2022Marseille
90%
James Ward-ProwseEnglandMF2011Southampton(Academy)
90%
William SmallboneIrelandMF2019Southampton(Academy)
80%
Che AdamsScotlandFW2019Birmingham City
70%
Stuart ArmstrongScotlandMF2018Celtic
70%
Mislav OrsicCroatiaMF2023Dinamo Zagreb
70%
Gavin BazunuIrelandGK2022Manchester City
70%
Tino LivramentoEnglandDF2021Southampton(Academy)
70%
Adam ArmstrongEnglandFW2021Blackburn Rovers
60%
Paul OnuachuNigeriaFW2023Gent
60%
Joe AriboNigeriaMF2022Rangers
60%
LyancoBrazilDF2021Torino
60%
Alex McCarthyEnglandGK2016Crystal Palace
50%
James BreeEnglandDF2023Luton Town
50%
Romeo LaviaBelgiumMF2022Manchester City
50%
Armel Bella-KotchapGermanyDF2022VFL Bochum
50%
Jan BednarekPolandDF2017Lech Poznan
40%
Juan LariosSpainDF2022Manchester City
40%
Kamaldeen SulemanaGhanaMF2023Rennes
40%
Mohamed ElyounoussiNorwayFW2018Basel
30%
Samuel EdozieEnglandMF2022Manchester City
30%
Carlos AlcarazArgentinaMF2023Racing Club
30%
Mohammed SalisuGhanaDF2020Real Valladolid
30%
Ibrahima DialloFranceMF2020Stade Brestois
20%
Moussa DjenepoMaliMF2019Standard Liege
20%
Sekou MaraFranceFW2022Bordeaux
10%

Score Distribution

Percentile by Number Answered

Percent of People with Each Score

Your Score History

You have not taken this quiz